| 000 | 007470000a22002170004500 | ||
|---|---|---|---|
| 090 |
_aAR _b04082 |
||
| 245 | 1 | 0 | _aEffects of nectar theft by flower mites on hummingbird behavior and the reproductive success of their host plant, Moussonia deppeana (Gesneriaceae) |
| 650 | 1 | 4 |
_aPolinización _994027 |
| 650 | 1 | 4 |
_aRelación planta-animal _992861 |
| 650 | 1 | 4 |
_aSecreción de nectar _997919 |
| 650 | 1 | 4 |
_aColibris _997925 |
| 650 | 1 | 4 |
_aEtología _97606 |
| 651 | 4 |
_dVeracruz _pMéxico _992749 |
|
| 653 |
_gMoussonia _eMoussonia deppeana |
||
| 653 |
_gLampornis _eLampornis amethystinus |
||
| 041 | 0 | _aInglés | |
| 700 | 1 |
_aOrnelas, Juan Francisco _997913 |
|
| 100 | 1 |
_aLara, Carlos _997914 |
|
| 942 | _cARTICULO | ||
| 773 | 1 |
_tOikos _q470-480 _d2002 _g96 |
|
| 999 |
_c13114 _d13114 |
||